Music Quiz

Random Music or Song Quiz

Matching Singers with Songs Quiz Stats

 Plays Quiz not verified by Sporcle

Score 0/10 Timer 01:00
0 Plays Today
Song Singer % Correct
ThrillerMichael Jackson
86.8%
FireworkKaty Perry
71.7%
DynamiteTaio Cruz
50.9%
Love GameLady GaGa
47.2%
Only Girl (in the world)Rihanna
45.3%
Please don't let me goOlly Murs
20.8%
Pass That DutchMissy Elliott
15.1%
Crank DatSoujja Boy
3.8%
WorkCiara ft. Missy Elliott
3.8%
Why Don't You Love MeBeyoncé
1.9%

You're not logged in!

Compare scores with friends on all Sporcle quizzes.
OR
Log In

Show Comments

Extras

Top Quizzes Today


Score Distribution

Your Account Isn't Verified!

In order to create a playlist on Sporcle, you need to verify the email address you used during registration. Go to your Sporcle Settings to finish the process.

Report this User

Report this user for behavior that violates our Community Guidelines.

Details: